Torschützenliste Fußball-Europameisterschaft 2020 - Statistiken

Allgemein
  • Dieses Quiz wurde 73 mal gespielt
  • Das Durchschnittsergebnis liegt bei 8 aus 13
Antwortstatistiken
Tore Mannschaft Spieler % Korrekt
5 Portugal Cristiano Ronaldo
100%
4 Belgien Romelu Lukaku
98%
4 England Harry Kane
97%
5 Tschechische Republik Patrik Schick
90%
3 Polen Robert Lewandowski
75%
3 Spanien Álvaro Morata
68%
4 Frankreich Karim Benzema
59%
3 Schweiz Xherdan Shaqiri
56%
4 Schweden Emil Forsberg
51%
3 England Raheem Sterling
49%
3 Schweiz Haris Seferović
24%
3 Dänemark Kasper Dolberg
17%
3 Niederlande Georginio Wijnaldum
6%
Keine übereinstimmenden Quizze gefunden
Verteilung der Resultate
Anzahl Personen mit jedem Resultat
Perzentil nach korrekt beantworteten Fragen
Ihre Resultats-Entwicklung
Sie haben dieses Quiz noch nicht gespielt